000 01284cam a2200289 a 4500
005 20090428064346.0
010 _aENG-100053
020 _a9780195699425
_c395.00
020 _a0195699424
_c395.00
035 _aEN-83585
037 _bDBAD/PUB
082 _a337.154
245 0 0 _aSouth Asia development and cooperation report, 2008 /
_cby Research and Information System for Developing Countries.
246 1 8 _aSouth Asia development and cooperation report
260 _aNew Delhi
_bOxford University Press
_c2008
270 _aYMCA Library Building, Jai Singh Road
_bNew Delhi
_e110001
300 _axxi, 151 p. :
_bill.
_c29cm (pbk)
500 _aIncludes statistics
504 _aIncludes bibliographical references
650 0 _aSouth Asian cooperation.
_912689
650 0 _aSouth Asian cooperation
_vStatistics.
_912690
710 2 _aResearch and Information System for the Non-aligned and Other Developing Countries.
_912691
856 4 2 _3Publisher description
_uhttp://www.loc.gov/catdir/enhancements/fy0907/2008319503-d.html
942 _2ddc
_cEN
_h337.154
_mSOU
999 _c41641
_d41641